000
00360nam a2200133Ia 4500
008
151001s9999||||xx |||||||||||||| ||und||
100
_a
विनायक देवरुखकर
245
_a
कलमी गुलाब
250
_a
1
260
_b
सुरस प्रकाशन पंजाब
260
_c
1964
300
_a
139
365
_b
7
999
_c
953806
_d
953803